000 00441nam a2200181Ia 4500
001 10812
005 20260306161859.0
008 260306t2010||||xx |||||||||||||| ||spa||
041 _aESP
082 _a972.03
_bA155
100 _aAnnino, Antonio (Coord.)
_eAUT
245 0 _aLa revolución novohispana, 1808-1821
260 _c2010
300 _a520 pƔginas :
_c21 cm.
650 _aGEN
654 _aCHU
942 _cLIB
_dJUS
_fJUS
_2ddc
_n
999 _c10812
_d10812